[Event "Barcelona Masters rapid"]
[Site "Barcelona"]
[Date "2018.10.14"]
[Round "9.4"]
[White "Guerra Mendez, Jose Angel"]
[Black "Perez Ponsa, Federico"]
[Result "0-1"]
[WhiteElo "2534"]
[BlackElo "2554"]
[PlyCount "56"]
[EventDate "2018.10.14"]
[EventType "schev (rapid)"]
[EventRounds "10"]
[EventCountry "ESP"]
[SourceTitle "CBM 186 Extra"]
[Source "ChessBase"]
[SourceDate "2018.08.24"]
[SourceVersion "1"]
[SourceVersionDate "2018.08.24"]
[SourceQuality "1"]
[WhiteTeam "Catalunya"]
[BlackTeam "Argentina"]
[WhiteTeamCountry "CAT"]
[BlackTeamCountry "ARG"]

1. e4 c5 2. Nf3 d6 3. d4 cxd4 4. Nxd4 Nf6 5. Nc3 a6 6. Bc4 e6 7. Bb3 Nbd7 8. Bg5 Qa5 9. Qd2 Be7 10. 0-0-0 h6 11. Bxf6 Bxf6 12. Rhe1 0-0 13. f4 Nc5 14. Kb1 Qc7 15. f5 Bd7 16. g4 b5 17. Qe3 b4 18. Nce2 Rac8 19. Ng3 a5 20. Nh5 Bg5 21. Qe2 a4 22. Bc4 a3 23. Nb5 Bxb5 24. Bxb5 axb2 25. Rh1 Ra8 26. h4 Rxa2 27. hxg5 Ra1+ 28. Kxb2 Na4+ 0-1

[Event "Barcelona Masters rapid"]
[Site "Barcelona"]
[Date "2018.10.14"]
[Round "3.5"]
[White "Krysa, Leandro Sergio"]
[Black "Guerra Mendez, Jose Angel"]
[Result "0-1"]
[WhiteElo "2503"]
[BlackElo "2534"]
[PlyCount "54"]
[EventDate "2018.10.14"]
[EventType "schev (rapid)"]
[EventRounds "10"]
[EventCountry "ESP"]
[SourceTitle "CBM 186 Extra"]
[Source "ChessBase"]
[SourceDate "2018.08.24"]
[SourceVersion "1"]
[SourceVersionDate "2018.08.24"]
[SourceQuality "1"]
[WhiteTeam "Argentina"]
[BlackTeam "Catalunya"]
[WhiteTeamCountry "ARG"]
[BlackTeamCountry "CAT"]

1. d4 Nf6 2. c4 e6 3. Nc3 Bb4 4. Qc2 0-0 5. Nf3 c5 6. dxc5 Nc6 7. a3 Bxc5 8. Bg5 b6 9. e3 Bb7 10. Bd3 h6 11. h4 Be7 12. 0-0-0 Rc8 13. Kb1 Na5 14. Nd2 d5 15. g4 Nxg4 16. Rhg1 f5 17. f3 Bxg5 18. fxg4 Bxe3 19. gxf5 Bxg1 20. Rxg1 dxc4 21. Be4 Bxe4 22. Ndxe4 exf5 23. Qg2 Rc7 24. Ng3 Qxh4 25. Qd5+ Kh7 26. Ka2 Rcf7 27. Nce4 fxe4 0-1

[Event "Barcelona Masters"]
[Site "Barcelona"]
[Date "2018.10.11"]
[Round "4.4"]
[White "Perez Ponsa, Federico"]
[Black "Guerra Mendez, Jose Angel"]
[Result "1/2-1/2"]
[WhiteElo "2554"]
[BlackElo "2534"]
[PlyCount "169"]
[EventDate "2018.10.08"]
[EventType "schev"]
[EventRounds "5"]
[EventCountry "ESP"]
[SourceTitle "CBM 186 Extra"]
[Source "ChessBase"]
[SourceDate "2018.08.24"]
[SourceVersion "1"]
[SourceVersionDate "2018.08.24"]
[SourceQuality "1"]
[WhiteTeam "Argentina"]
[BlackTeam "Catalunya"]
[WhiteTeamCountry "ARG"]
[BlackTeamCountry "CAT"]

1. e4 e5 2. Nf3 Nc6 3. Bb5 a6 4. Ba4 Nf6 5. 0-0 Be7 6. Re1 b5 7. Bb3 d6 8. c3 0-0 9. h3 Na5 10. Bc2 d5 11. d4 Nxe4 12. Nxe5 f6 13. Nd3 Bd6 14. Nd2 f5 15. Nf3 Nc4 16. a4 Bb7 17. Re2 f4 18. Qe1 bxa4 19. Rxa4 a5 20. Ra1 Nb6 21. b3 Nd7 22. c4 c6 23. Ba3 Bxa3 24. Rxa3 Qc7 25. Bb1 Ndf6 26. Rea2 c5 27. dxc5 dxc4 28. bxc4 Nxc5 29. Nxc5 Qxc5 30. Rxa5 Qxc4 31. Ne5 Qc7 32. Rxa8 Bxa8 33. Rc2 Qe7 34. Ba2+ Bd5 35. Bxd5+ Nxd5 36. Qe4 Rd8 37. Rd2 Qe6 38. Qxf4 Re8 39. Qc4 Qxe5 40. Rxd5 Qe1+ 41. Kh2 Kh8 42. Qd4 h6 43. f3 Qe3 44. Qg4 Qe6 45. Qc4 Qf7 46. Qd4 Rf8 47. h4 Qf4+ 48. Qxf4 Rxf4 49. h5 Kg8 50. Kg3 Ra4 51. f4 Kf7 52. Kg4 Ke6 53. Rb5 Ra6 54. g3 Rc6 55. Ra5 Rb6 56. Kh4 Kf6 57. Ra8 Rc6 58. Rf8+ Ke7 59. Rf5 Ke6 60. Kg4 Ra6 61. Re5+ Kf6 62. Re3 Rb6 63. Rc3 Ra6 64. Kh4 Rb6 65. Rc4 Ra6 66. g4 Ra1 67. Rc6+ Kf7 68. Rc7+ Kf8 69. g5 hxg5+ 70. fxg5 Ra4+ 71. Kg3 Rb4 72. Rd7 Ra4 73. g6 Ra3+ 74. Kf4 Rh3 75. Kf5 Rh1 76. Rd4 Rf1+ 77. Ke6 Kg8 78. Ke7 Rf8 79. Rd8 Rxd8 80. Kxd8 Kh8 81. Ke8 Kg8 82. Ke7 Kh8 83. h6 Kg8 84. h7+ Kh8 85. Ke6 1/2-1/2